आखर -आखर प्यार/ (Record no. 202687)
[ view plain ]
| 000 -LEADER | |
|---|---|
| fixed length control field | 00984 a2200193 4500 |
| 005 - DATE AND TIME OF LATEST TRANSACTION | |
| control field | 20240802145506.0 |
| 010 ## - LCCN (DPL NO) | |
| LC control number | B-758954 |
| 020 ## - INTERNATIONAL STANDARD BOOK NUMBER | |
| International Standard Book Number | 9789354093494 |
| Terms of availability | 125.00 |
| 035 ## - SYSTEM CONTROL NUMBER | |
| System control number | B-758954 |
| 037 ## - SOURCE OF ACQUISITION | |
| Source of stock number/acquisition | उपहार |
| 082 ## - DEWEY DECIMAL CLASSIFICATION NUMBER | |
| Classification number | 820 |
| 100 ## - MAIN ENTRY--PERSONAL NAME | |
| Personal name | दिवेदी, भगवती प्रसाद |
| 245 ## - TITLE STATEMENT | |
| Title | आखर -आखर प्यार/ |
| Statement of responsibility, etc | भगवती प्रसाद दिवेदी |
| 260 ## - PUBLICATION, DISTRIBUTION, ETC. (IMPRINT) | |
| Place of publication, distribution, etc | न्यू दिल्ली |
| Name of publisher, distributor, etc | प्रकाशन विभाग सुचना और प्रसारण मंत्रालय भारत सरकार |
| Date of publication, distribution, etc | 2022 |
| 270 ## - ADDRESS | |
| Address | सुचना भवन सी.जी.ओ काम्प्लेक्स लोधी रोड |
| City | न्यू दिल्ली |
| Postal code | 110003 |
| 300 ## - PHYSICAL DESCRIPTION | |
| Extent | 60 पृष्ठ.; |
| Dimensions | 24cm. (आजिल्द) |
| 942 ## - ADDED ENTRY ELEMENTS (KOHA) | |
| Institution code [OBSOLETE] | dpl |
| Item type | Children Books |
| Source of classification or shelving scheme | Dewey Decimal Classification |
| Classification part | 820 |
| Call number suffix | दिवेदी |
| Withdrawn status | Lost status | Not for loan | Collection code | Home library | Current library | Date acquired | Source of acquisition | Cost, normal purchase price | Full call number | Barcode | Cost, replacement price | Koha item type | Public note |
|---|---|---|---|---|---|---|---|---|---|---|---|---|---|
| Fiction | Central Library | Central Library | 06/05/2024 | उपहार /29.4.24 | 125.00 | 820 दिवेदी | B-758954 | 125.00 | Children Books | उपहार |
